书目信息 |
| 题名: |
服饰
|
|
| 作者: | 云中天 编著 | |
| 分册: | ||
| 出版信息: | 南昌 百花洲文艺出版社 2006 |
|
| 页数: | 155页 | |
| 开本: | 23cm | |
| 丛书名: | 永远的风景 | |
| 单 册: | ||
| 中图分类: | K892.23 | |
| 科图分类: | ||
| 主题词: | 服饰--文化--中国--古代 , 服饰 | |
| 电子资源: | ||
| ISBN: | 7-80742-017-0 | |
| 000 | 00856nam 2200289 450 | |
| 001 | 200805000132 | |
| 005 | 20060925144558.0 | |
| 010 | @a7-80742-017-0@dCNY29.80 | |
| 035 | @a003208744 | |
| 100 | @a20060104d2006 em y0chiy0110 ea | |
| 101 | 0 | @achi |
| 102 | @aCN@b360000 | |
| 105 | @aa z 000yy | |
| 106 | @ar | |
| 200 | 1 | @a服饰@Afu shi@f云中天编著 |
| 210 | @a南昌@c百花洲文艺出版社@d2006 | |
| 215 | @a155页@d23cm | |
| 225 | 2 | @a永远的风景@e中国民俗文化@e彩图版 |
| 308 | @a丛书第三辑 | |
| 330 | @a本书从文化的角度对中国古代的服饰以及与服饰相关的女子饰物、妆容等进行了介绍,并配以大量精美的历史图片。 | |
| 461 | 0 | @1001003194241@12001 @a永远的风景 |
| 606 | 0 | @a服饰@x文化@y中国@z古代 |
| 606 | 0 | @a服饰 |
| 690 | @aK892.23@v4 | |
| 701 | 0 | @a云中天@Ayun zhong tian@4编著 |
| 801 | 0 | @aCN@c20060926 |
| 905 | @b20653599-601@dK892.23@eY983 | |
| 服饰/云中天编著.-南昌:百花洲文艺出版社,2006 |
| 155页;23cm.-(永远的风景:中国民俗文化:彩图版) |
| ISBN 7-80742-017-0:CNY29.80 |
| 本书从文化的角度对中国古代的服饰以及与服饰相关的女子饰物、妆容等进行了介绍,并配以大量精美的历史图片。 |
| ● |
| 相关链接 |
|
|
|
正题名:服饰
索取号:K892.23/Y983
 
预约/预借
| 序号 | 登录号 | 条形码 | 馆藏地/架位号 | 状态 | 备注 |
| 1 | 653599 | 206535999 | 社科库309/309社科库 11排1列6层/ [索取号:K892.23/Y983] | 在馆 | |
| 2 | 653600 | 206536006 | 社科库309/309社科库 11排1列6层/ [索取号:K892.23/Y983] | 在馆 | |
| 3 | 653601 | 206536015 | 社科库309/309社科库 11排1列6层/ [索取号:K892.23/Y983] | 在馆 |